000 01370nmm a2200373 a 4500
001 ocm0001061909
003 TR-IsHL
005 20201028151133.0
008 150709s2012 tu tur
007 cr cn
020 _a9786055296124
035 _a1061909
_b(N$T)
050 0 4 _aDR479.S57
_bT874 2012
090 0 4 _aDR479.S57
_bT874 2012
245 1 0 _aTürkiye - Sırbistan ilişkileri
_h[electronic resource] /
_ceditörler Yeliz Okay, Tuncay Babalı
250 _a1. bs.
260 _aİstanbul :
_bDoğu Kitabevi,
_c2012
300 _a193 p.
500 _a''Belgrad'a uğrar yolu Tuna'nın''--kpk.
_xBibliyografik notları var.
_x
650 4 _aPolitika ve Uluslararası İlişkiler
650 4 _aPolitics and International Relations
650 0 _aSerbia
_xPolitical and government
650 0 _aTurkey
_xRelations
_xSerbia
650 0 _aSerbia
_xRelations
_xTurkey
650 0 _aTurkey
_xPolitical and government
650 0 _aSırbistan
_xSiyaset ve yönetim
650 0 _aTürkiye
_xİlişkiler
_xSırbistan
650 0 _aSırbistan
_xİlişkiler
_xTürkiye
650 0 _aTürkiye
_xSiyaset ve yönetim
650 7 _aPOLITICAL SCIENCE / International Relations / General
_2bisacsh
700 1 _aOkay, Yeliz
700 1 _aBabalı, Tuncay
856 4 0 _uhttp://search.ebscohost.com/login.aspx?direct=true&scope=site&db=e011xww&AN=1061909
999 _c10852
_d10852